| 000 | 004650000a22001810004500 | ||
|---|---|---|---|
| 020 | _a0-8010-0112-9 | ||
| 041 | 0 | _aENG | |
| 082 | 0 | 4 | _aG 253.5 A2111e |
| 100 | 1 | _aAdams, Jay E. (Edward) | |
| 245 | 1 | 0 | _aCoping with counseling crises / Jay E. Adams |
| 260 | _aGrand Rapids, MI., USA : Baker | ||
| 300 | _a90 Pag | ||
| 001 | 6407 | ||
| 942 | _cBK | ||
| 999 |
_c36679 _d36679 |
||
| 336 |
_atexto _btxt _2rdacontent |
||
| 337 |
_2rdamedia _asin mediación _bn |
||
| 338 |
_2rdacarrier _avolumen _bnc |
||